<?xml version="1.0" encoding="UTF-8"?><?xml-stylesheet type="text/xsl" href="static/style.xsl"?><OAI-PMH xmlns="http://www.openarchives.org/OAI/2.0/" xmlns:xsi="http://www.w3.org/2001/XMLSchema-instance" xsi:schemaLocation="http://www.openarchives.org/OAI/2.0/ http://www.openarchives.org/OAI/2.0/OAI-PMH.xsd"><responseDate>2026-04-17T05:50:46Z</responseDate><request verb="GetRecord" identifier="oai:www.recercat.cat:2072/486109" metadataPrefix="marc">https://recercat.cat/oai/request</request><GetRecord><record><header><identifier>oai:recercat.cat:2072/486109</identifier><datestamp>2025-08-31T18:28:55Z</datestamp><setSpec>com_2072_98</setSpec><setSpec>col_2072_378192</setSpec></header><metadata><record xmlns="http://www.loc.gov/MARC21/slim" xmlns:dcterms="http://purl.org/dc/terms/" xmlns:xsi="http://www.w3.org/2001/XMLSchema-instance" xmlns:doc="http://www.lyncode.com/xoai" xsi:schemaLocation="http://www.loc.gov/MARC21/slim http://www.loc.gov/standards/marcxml/schema/MARC21slim.xsd">
   <leader>00925njm 22002777a 4500</leader>
   <datafield ind2=" " ind1=" " tag="042">
      <subfield code="a">dc</subfield>
   </datafield>
   <datafield ind2=" " ind1=" " tag="720">
      <subfield code="a">Lanuza, Oscar R.</subfield>
      <subfield code="e">author</subfield>
   </datafield>
   <datafield ind2=" " ind1=" " tag="720">
      <subfield code="a">Peñuelas, Josep</subfield>
      <subfield code="e">author</subfield>
   </datafield>
   <datafield ind2=" " ind1=" " tag="720">
      <subfield code="a">Espelta Morral, Josep Maria</subfield>
      <subfield code="e">author</subfield>
   </datafield>
   <datafield ind2=" " ind1=" " tag="720">
      <subfield code="a">Peguero, Guille</subfield>
      <subfield code="e">author</subfield>
   </datafield>
   <datafield ind2=" " ind1=" " tag="260">
      <subfield code="c">2025</subfield>
   </datafield>
   <datafield ind2=" " ind1=" " tag="260">
      <subfield code="c">info:eu-repo/date/embargoEnd/2026-01-31</subfield>
   </datafield>
   <datafield ind2=" " ind1=" " tag="520">
      <subfield code="a">Altres ajuts: Fundación Ramón Areces Grant CIVP20A6621</subfield>
   </datafield>
   <datafield ind2=" " ind1=" " tag="520">
      <subfield code="a">The addition of biochar as a soil amendment has great potential for ecological restoration and long-term carbon (C) storage. However, few studies have evaluated the functional trait responses of tree seedlings to increasing application rates of biochar and almost no information is available for tropical dry forests (TDF). Here, we conducted a greenhouse experiment to quantify effects of rates of biochar (0, 5, 10, 20, and 40 t/ha) on demographic and functional traits of six tree species used in TDF restoration programs. After 100 days of growth, we found no negative effects of biochar on seedling survival and only in two of the species the highest dose applied slightly reduced the final biomass. The addition of biochar increased leaf chlorophyll content (LCC) and specific leaf area (SLA) of all species. Greater variation in above-and below-ground trait responses to biochar was due more to inter-specific (52%) and intra-specific (36%) differences than main effects of biochar (11%), although we found that 81% of the variation in the LCC was due to the addition of biochar. We found a positive effect of biochar on morphological traits related to C gain and physiological tolerance to drought (higher dry mass content of root, leaf, and stem, LCC, SLA, and leaf area ratio). Therefore, we suggest that applications of biochar between 5 and 30 t/ha do not compromise the early growth of the seedlings of the studied species, and even may improve their growth capacity and drought resistance during their establishment in the field.</subfield>
   </datafield>
   <datafield ind1="8" ind2=" " tag="024">
      <subfield code="a">http://hdl.handle.net/2072/486109</subfield>
   </datafield>
   <datafield tag="653" ind2=" " ind1=" ">
      <subfield code="a">Biochar</subfield>
   </datafield>
   <datafield tag="653" ind2=" " ind1=" ">
      <subfield code="a">Biomass allocation</subfield>
   </datafield>
   <datafield tag="653" ind2=" " ind1=" ">
      <subfield code="a">Intraspecific trait variability</subfield>
   </datafield>
   <datafield tag="653" ind2=" " ind1=" ">
      <subfield code="a">Plasticity</subfield>
   </datafield>
   <datafield tag="653" ind2=" " ind1=" ">
      <subfield code="a">Soil amendment</subfield>
   </datafield>
   <datafield tag="653" ind2=" " ind1=" ">
      <subfield code="a">Tropical dry forests</subfield>
   </datafield>
   <datafield ind2="0" ind1="0" tag="245">
      <subfield code="a">Above and belowground functional trait response to biochar addition in seedlings of six tropical dry forest tree species</subfield>
   </datafield>
</record></metadata></record></GetRecord></OAI-PMH>